Plane trigonometry: an elementary text-book for the higher classes of secondary schools and for colleges

Guardat en:
Dades bibliogràfiques
Autor principal: Carslaw, H. S (Autor)
Format: Llibre
Idioma:anglès
Publicat: Londres Macmillan 1930
Edició:3a. ed
Matèries:
Etiquetes: Afegir etiqueta
Sense etiquetes, Sigues el primer a etiquetar aquest registre!

MARC

LEADER 00000nam a2200000 a 4500
001 UCQ9590
003 CL-VaPUC
008 990112e19300000UK |||||||||||||||||eng|d
082 0 4 |a 516.242  |b CAR  |2 21 
100 0 |a Carslaw, H. S  |e author  |9 424236 
245 1 0 |a Plane trigonometry: an elementary text-book for the higher classes of secondary schools and for colleges 
250 |a 3a. ed 
300 |a 315 p 
942 |c BK 
945 |d 19990112 00:00:00  |a crobeson 
260 |a Londres  |b Macmillan  |c 1930 
650 7 |a TRIGONOMETRIA PLANA  |2 CL-VaPUC  |9 265659 
583 |a last modification  |c 19990112 00:00:00  |k Rodrigo Vera 
999 |c 278586  |d 278584 
952 |0 0  |1 0  |4 0  |6 516_242000000000000_CAR_1930  |7 0  |8 A  |9 317212  |a BIBMAT  |b BIBMAT  |d 2019-11-20  |i 1316508  |o 516.242 CAR 1930  |p 1316508  |r 2025-01-07  |w 2019-11-20  |y BK  |k MAT